| 000 | 00436nam a2200181Ia 4500 | ||
|---|---|---|---|
| 008 | 220531s9999 xx 000 0 und d | ||
| 041 | _aeng | ||
| 082 | _bBHE | ||
| 100 |
_aBhende, Asha And Kanitkar, Tara _947142 |
||
| 245 | _aPrinciples Of Popultion Studies | ||
| 250 | _a16th | ||
| 260 |
_bHimalaya _c2003 |
||
| 300 | _a611 | ||
| 542 | _d28-08-2004 | ||
| 650 |
_aSociology _947143 |
||
| 906 | _d2004-2005 | ||
| 999 |
_c27688 _d27688 |
||